00410nam a2200157Ia 4500003000400000008004100004040001600045082001300061100002100074245003500095260004100130300001000171490003400181650001500215650002200230GCL140319s9999 xx 000 0 eng d aGCL / cGCL04a843bP S1 aPREVERT, JACQUES10aSPECTACLE / cPREVERT, JACQUES a[S.N] : bLE POINT DU JOUR ، c1995 a309 P aCOLLECTION FOLIO CLASSIQUEv004aLITERATURE04aFRENCH LITERATURE